00286nam a22001097a 4500003000400000005001700004008004100021040000800062100002900070245003400099260004300133OSt20240125121229.0240125b xxu||||| |||| 00| 0 eng d cN/A aTheodore M.Newcomb et al aReadings in Social Psychology aNew YorkbHenry Holt and companyc1947